BFDI/BFDIA/IDFB/BFB/TPOT Quiz - Statistics

General Stats
  • This quiz has been taken 294 times
    138 since last reset
  • The average score is 20 of 25
Answer Stats
Question Answer % Correct
What is The Light Switch's Name? Liy
94%
What Episode is it when Zombies Attack? TPOT 9
93%
What is The Most Powerful Number? 2763
92%
Who won BFB? Flower
92%
Who won BFDI? Firey
91%
What Are The 2 Seasons JacknJellify are working on? BFDIA and TPOT
90%
Who was the first object eliminated in BFDIA? Donut
90%
When did a lot of objects switch to TPOT? BFB 16
89%
What Episode did BFB End on? 30
88%
(IDFB) True Or False: IDFB Currently Has 15 Episodes. False
88%
Who Joined TPOT 13? Pencil and Liy
88%
Who Got The Most Votes To Join TPOT? Winner
88%
Who Joined BFDI? David
85%
Who Was The First Contestant Eliminated In TPOT? Pie
85%
Who Was The First Eliminated in BFB? Pencil
83%
How many episodes are in BFDI? 25
80%
(All Seasons) True Or False: Gaty Is A Female True
80%
Who almost joined BFB? Profily
77%
What's the most popular episode? BFDI 1A
74%
How long did it take for BFDIA to be continued? 10 Years
65%
How old is Gelatin in BFB? 6 Years
65%
Where do Pre Split Contestants go when they get eliminated? The EXIT
64%
Who voiced Rockys first line? Cary
60%
Who got Last Place in BFDI? (Counting Rejoins.) Woody
49%
What was the First TPOT Episode to have a warning? TPOT 13
43%
No matching quizzes found
Score Distribution
Percent of People with Each Score
Percentile by Number Answered
Your Score History
You have not taken this quiz since the last reset